| 000 | 00510nam a2200181Ia 4500 | ||
|---|---|---|---|
| 003 | GCL | ||
| 008 | 140319s9999 xx 000 0 ara d | ||
| 040 |
_aGCL / _cGCL |
||
| 082 | 0 | 4 |
_a819.6 _bهـ ب |
| 100 | 1 | _aهلال ناجى | |
| 245 | 1 | 0 |
_aبحوث فى النقد التراثى / _cهلال ناجى |
| 260 |
_a[S.N] : _bدار الغرب الاسلامى ، _c1994 |
||
| 300 | _a587 ص | ||
| 490 | _a | ||
| 650 | 0 | 4 | _aالادب العربى |
| 650 | 0 | 4 | _aالنثر العربى |
| 942 |
_2ddc _cBK |
||
| 999 |
_c55894 _d55894 |
||